Základné úlohy pri tvorbe právnych noriem na ochranu životného prostredia

Bibliographic Details
Main Author: Měkota, Rudolf (Author)
Format: Article
Language:Slovak

MARC

LEADER 00000nab a2200000uu 4500
001 vtls011460721
003 SK-MaSNL
005 20260303151551.0
008 230222|1972 xo |||||||||||||||||slo|
015 |a SNBRB 
035 |a (urnnbn)urn:nbn:sk:snk:ar-a0acdp 
035 |a (uuid)959e324e-7d5f-4732-844c-1ec0b795641c 
035 |a urn:nbn:sk:snk-abcuk8 
040 |a SNKBUCL  |b slo  |c SNKBUCL  |e AACR2 
041 0 |a slo 
044 |a xo  |c SK 
100 1 |a Měkota, Rudolf  |4 aut  |9 632527 
245 1 0 |a Základné úlohy pri tvorbe právnych noriem na ochranu životného prostredia  |c Rudolf Měkota 
773 0 |t Životné prostredie : revue pre teóriu a starostlivosť o životné prostredie  |g Roč. 6, č. 3 (1972), s. 124-126 
954 |a odborná, vedecká literatúra pôvodná (slovenská)  |2 lita 
958 |a OND 
958 |a EUIPO 
958 |a article16 
999 |c 2018351  |d 2020281